00810 a2200385 4500000002100000001000700021005001700028008004100045010000500086020001800091082001700109100002400126110000500150245007900155250001300234260004200247300001100289490000700300500000500307600000500312610000500317611000500322630001500327650000500342651000500347654000500352700002400357710000900381711000500390720000500395730000500400740000500405752000500410856000900415BKB 13815020200902153413.0  a a9789350711408 a336.21bS64T1 aSinghania, Vinod K. a1 aDirect taxes : law and practicecby Vinod K. Singhania and Kapil Singhania a49th ed. aNew DelhibTaxmann Publicationsc2012 a1514p. av a a a a aManagement a a a aSingania, Kapilbc abc a a a a a adf